Представление документа в формате MARC21

Поле Инд. ПП Название Значение
Тип записи a
Библиографический уровень m
001 Контрольный номер 7581b6cf-73ff-47e8-80ef-698bf30cbe9e
005 Дата корректировки 20230426100441.0
008 Кодируемые данные 980923 d
040 a Служба первич. каталог. НБ ТвГУ
041 0_ a Код языка текста rus
080 a Индекс УДК 781(075.3)
084 a Индекс другой классификации/Индекс ББК Щ907.11
090 a Полочн. индекс Щ907.1
x Авторский знак С 60
245 10 a Заглавие Сольфеджио
b Продолж. заглавия учебное пособие для детских музыкальных школ
c Ответственность сост. Б. Калмыков и Г. Фридкин
n Номер части/ раздела Ч. 2
p Название части/ раздела Двухголосие
260 0_ a Место издания Москва
b Издательство Музыка
c Дата издания 1992
300 a Объем 110,[1] с.
504 a Библиография Алф. указ. произведений: с.108-110.
650 04 a Основная рубрика Музыкально-теоретические дисциплины
x Основная подрубрика Учебники для ДМШ
650 04 a Основная рубрика Сольфеджио двухголосное
x Основная подрубрика Нотные издания
653 0_ a Ключевые слова Двухголосие
a Ключевые слова Двухголосное сольфеджио
a Ключевые слова Музыкально-теоретические дисциплины
a Ключевые слова Ноты
a Ключевые слова Сольфеджио
a Ключевые слова Теория музыки
a Ключевые слова Учебники для ДМШ
700 1_ a Другие авторы Калмыков Б
e Роль лиц сост.
700 1_ a Другие авторы Фридкин Г
e Роль лиц сост.
852 41 i Расстановочный признак Проверка 2023
920 a Оператор Гуль
a Оператор Семен
930 a Новая/Ретро Учебники
a Новая/Ретро Ноты
952 c Вид литературы К ру
954 a Дата поступления на обработку 06.09.93
a Дата поступления на обработку 06.09.93
e Дата перешифровки 20230426